000 01054nam0a22003011 4500
001 v19\rc\1519969
005 20250618171600.0
035 _a(NLR Aleph) 004642737
090 _a3316511
_c3316511
100 _a20060620d1885 |||y0rusy50 ca
101 0 _arus
102 _aRU
105 _ay z |||||
200 1 _aЛечебник домашних животных, составленный для сельского населения
_f[Вет. врач А.Н. Степанов]
210 _aНовгород
_cНовгородск. губ. земство
_d1885
215 _a60, II, [1] с.
_d23
532 1 3 _aЛечебник домашних животных, составленный для сельского населения
700 1 _aСтепанов
_bА.Н.
801 0 _aRU
_bNLR
_gpsbo
801 0 _aRU
_bRuMoRGB
_2psbo
801 1 _aRU
_bProSoft-M
_2rusmarc
852 _aNLR
_bЗем
_j23/72
899 _aRuMoRGB
_jA 158/594
899 _aRuMoRGB
_jA 272/358
899 _aБАН
942 _cBOOK
980 _aNB